00313nam a2200109Ia 4500008004100000082001700041100002000058245002200078260003000100630001800130650005500148211109s9999||||xx |||||||||||||| ||und|| a821.4bDAI-M aDaiches David,  0aMilton Arrow Book bPai & CoaErnakulamc1965 xGeneral Stack aEnglish poetryvEnglish LiteratureStudyxGeneralia